000
00322nam a22001337a 4500
020
_a
817826312-2
082
_a
823
_b
DOY/R
100
_a
SIR ARTHUR CONAN DOYLE
245
_a
THE RETURN OF SHERLOCK HOLMES
260
_a
DELHI
_b
ROHAN BOOK COMPANY
_c
2003
300
_a
224
650
_a
MODERN ILLUSTRATED CLASSICS
942
_c
BK
999
_c
360
_d
360